2025-2026 Montreal Victoire Team - Statistics

General Stats
  • This quiz has been taken 25 times
  • The average score is 12 of 22
Answer Stats
Nationality Pos Number Answer % Correct
Canadian G 35 Ann-Renée Desbiens
100%
Canadian A 7 Laura Stacey
100%
Canadian A 29 Marie-Philip Poulin
100%
Canadian D 23 Erin Ambrose
75%
American D 91 Maggie Flaherty
75%
Americain A 11 Abby Roque
50%
Canadian A 13 Alexandra Labelle
50%
American D 44 Amamda Boulier
50%
Canadian A 28 Catherine Dubois
50%
Canadian A 17 Dara Greig
50%
American A 16 Hayley Scamurra
50%
Canadian A 77 Jade Downie-Landry
50%
Canadian D 22 Jessica DiGirolamo
50%
Canadien D 9 Kati Tabin
50%
Canadian D 61 Nicole Gosling
50%
Germany G 30 Sandra Abstreiter
50%
American A 27 Shiann Darkangelo
50%
American A 88 Skylar Irving
50%
Canadian A 19 Kaitlin Willoughby
25%
Swedish A 25 Lina Ljungblom
25%
Czech A 96 Nataliae Mlynkova
25%
American A 15 Maureen Murphy
0%
No matching quizzes found
Score Distribution
Percent of People with Each Score
Percentile by Number Answered
Your Score History
You have not taken this quiz